|
|
|
|
| LEADER |
01194cam a2200265 a 4500 |
| 001 |
c000382427 |
| 003 |
CARM |
| 005 |
20111021093047.0 |
| 008 |
111021s1953 enka 000 0 eng d |
| 019 |
1 |
|
|a 50075863
|5 LACONCORD2021
|
| 035 |
|
|
|a (OCoLC)16417110
|5 LACONCORD2021
|
| 040 |
|
|
|a DJB
|c DJB
|d OCLCQ
|
| 110 |
2 |
|
|a National Association of Drop Forgers and Stampers (Great Britain).
|
| 245 |
1 |
0 |
|a Recommendations for uniform cost-estimating & cost-finding for the drop forging industry /
|c National Association of Drop Forgers & Stampers.
|
| 246 |
3 |
|
|a Recommendations for uniform cost-estimating and cost-finding for the drop forging industry
|
| 250 |
|
|
|a 2nd ed.
|
| 260 |
|
|
|a Birmingham, Eng. :
|b National Association of Drop Forgers & Stampers,
|c [1953].
|
| 300 |
|
|
|a 67 p., [14] fold. l. :
|b tables ;
|c 23 cm.
|
| 650 |
|
0 |
|a Forging.
|
| 650 |
|
0 |
|a Forging industry.
|
| 852 |
8 |
|
|b CARM
|p 0577040
|f BK
|
| 852 |
8 |
|
|b SCAN
|h A3:AF14B0
|i B11875
|p 0577040
|f BK
|
| 999 |
f |
f |
|i a0cdbaa3-0569-5abd-b194-3c384b8a28b0
|s 7d01ed21-2acb-5f20-a37a-aa53d238227c
|
| 952 |
f |
f |
|p Can circulate
|a CAVAL
|b CAVAL
|c CAVAL
|d CARM 1 Store
|i book
|m 0577040
|
| 952 |
f |
f |
|a CAVAL
|b CAVAL
|c CAVAL
|d Unmapped Location
|e B11875
|f A3:AF14B0
|h Other scheme
|